How to win the high self-esteem. (Record no. 99029)
[ view plain ]
| 000 -LEADER | |
|---|---|
| fixed length control field | 00328nam a2200133Ia 4500 |
| 008 - FIXED-LENGTH DATA ELEMENTS--GENERAL INFORMATION | |
| fixed length control field | 210210b1995 xxu||||| |||| 00| 0 eng d |
| 082 ## - DEWEY DECIMAL CLASSIFICATION NUMBER | |
| Classification number | 155.2 DOUH |
| 100 ## - MAIN ENTRY--PERSONAL NAME | |
| Personal name | DOUGLAS (Mack R). |
| 245 ## - TITLE STATEMENT | |
| Title | How to win the high self-esteem. |
| 260 ## - PUBLICATION, DISTRIBUTION, ETC. | |
| Place of publication, distribution, etc. | ND |
| Name of publisher, distributor, etc. | U B S P D Ltd. |
| Date of publication, distribution, etc. | 1995 |
| 300 ## - PHYSICAL DESCRIPTION | |
| Extent | 206 |
| 690 ## - LOCAL SUBJECT ADDED ENTRY--TOPICAL TERM (OCLC, RLIN) | |
| Topical term or geographic name as entry element | Psychology |
| 906 ## - LOCAL DATA ELEMENT F, LDF (RLIN) | |
| a | 050208 |
| Withdrawn status | Lost status | Damaged status | Not for loan | Collection code | Home library | Current library | Shelving location | Date acquired | Cost, normal purchase price | Total Checkouts | Full call number | Barcode | Date last seen | Date last checked out | Price effective from | Koha item type |
|---|---|---|---|---|---|---|---|---|---|---|---|---|---|---|---|---|
| St Aloysius Library | St Aloysius Library | 02/17/2021 | 85.00 | 1 | 155.2 DOUH | 050208 | 03/15/2023 | 03/04/2023 | 02/17/2021 | Book |